00831cam a22002411 450000100060000000300080000600500170001400800410003103500190007203500180009104000400010904100080014908200230015724500810018026000490026130000290031050400190033965000380035870000420039694200120043899900170045095201220046717957BD-RjUL20211209000221.0140219s19511940enk 001 p eng d a(BD-RjUL)18015 a(OCoLC)445003 aDLCcOOxWdOCoLCdDLCdBD-RjULbeng aeng00a821.0822bOXF 195104aThe Oxford book of Christian verse /cchosen and edited by Lord David Cecil. aOxford :bClarendon,c1940. [Reprinted 1951] axxxiii, 560 p. ;c20 cm. aIncludes Index 0aReligious poetry, English.9553741 aCecil, David,d1902-1986,eed.955375 2ddccBK c17957d17957 00102ddc40718FICaRUCLbRUCLcReadingd2014-02-19l0o821.0822 OXF 1951r2014-02-19 00:00:00tC-1w2014-02-19yBK